000 01154cam a22003253a 4500
001 923
003 PGUSA
005 20140828082954.0
008 970501s1997||||xxu|||||s|||||000 | eng d
040 _aPGUSA
_beng
042 _adc
050 4 _aE201
100 1 _aJames, William Dobein,
_d1764-1830
245 1 2 _aA Sketch of the Life of Brig. Gen. Francis Marion and a History of His Brigade
_h[electronic resource] /
_cWilliam Dobein James
260 _bProject Gutenberg,
_c1997
506 _aPublic domain in the USA.
516 _aElectronic text
653 _aSwamp Fox
653 _aUnited States -- History -- Revolution, 1775-1783
653 _aUnited States. Continental Army -- Biography
653 _aSouth Carolina -- History -- Revolution, 1775-1783
653 _aGreene, Nathanael, 1742-1786 -- Correspondence
653 _aMarion, Francis, 1732-1795
653 _aGenerals -- United States -- Biography
653 _aSouth Carolina -- Militia -- Biography
653 _aMarion, Francis, 1732-1795 -- Correspondence
830 0 _aProject Gutenberg
_v923
856 4 0 _uhttp://www.gutenberg.org/ebooks/923
942 _cEB
999 _c230274
_d230274